00548 2200205 4500001002100000005001500021035002000036007000300056008004100059020002200100082000800122084001400130100002200144245007300166250001000239260003600249300002500285650002100310990001100331INLIS00000000000040820170928122520 a0010-0917000394ta170928 f 0 ind  a978-979-433-821-6 a297 a297 SHI l0 aShihab, M.Quraish1 aLentera Al Qur'an :bKisah dan Hikmah Kehidupan /cM. Quraish Shihab acet.1 aBandung :bMizan Pustaka,c2014 a376hlm ;c15 x 24 cm aTafsir Al Qur'an a14 965